A kapunyitási pánik jelenségének vizsgálata pályakezdők és szervezetek körében

Bibliographic Details
Main Author: Tárnok Henrietta
Other Authors: Krajcsák Dr. Zoltán
Kovács Dániel
Format: Thesis
Kulcsszavak:Kapunyitási pánik
Krízis
Pályakezdés
Online Access:http://dolgozattar.uni-bge.hu/19696

MARC

LEADER 00000nta a2200000 i 4500
001 dolg19696
005 20181217084116.0
008 181217suuuu hu om 000 hun d
040 |a BGE Dolgozattár Repozitórium  |b hun 
041 |a hu 
100 1 |a Tárnok Henrietta 
245 1 2 |a A kapunyitási pánik jelenségének vizsgálata pályakezdők és szervezetek körében  |c Tárnok Henrietta  |h [elektronikus dokumentum] 
246 1 1 |a A kapunyitási pánik jelenségének vizsgálata pályakezdők és szervezetek körében 
695 |a Kapunyitási pánik 
695 |a Krízis 
695 |a Pályakezdés 
700 1 |a Krajcsák Dr. Zoltán  |e ths 
700 1 |a Kovács Dániel  |e ths 
856 4 0 |u http://dolgozattar.uni-bge.hu/19696/1/Szakdolgozat-T%C3%A1rnok%20Henrietta.pdf  |z Dokumentum-elérés